| 000 | 00555nam a2200193 a 4500 | ||
|---|---|---|---|
| 001 | 1035 | ||
| 005 | 20140414131911.0 | ||
| 008 | 041014s19uu xx 00 eng d | ||
| 020 | _a0-86227-952-6 | ||
| 050 |
_aER _bC48 1993 |
||
| 100 | _aDe La Touche, Grace | ||
| 245 |
_aCinderella / _cstory Grace De La Touche ; illustrated by Pam Storey. |
||
| 260 |
_aLondon : _bGrandreams, _c1993. |
||
| 300 | _a1 v. p. : ill. ; cm. | ||
| 440 | _aA GoodNight, Sleep Tight Storybook) | ||
| 650 | _aFairy tales. | ||
| 650 | _aChildren stories. | ||
| 999 |
_c111199 _d111199 |
||